00841nam a22002057a 45000010005000000030006000050050017000110080041000280400030000690500016000990820009001151000030001242450054001542600037002083000025002455050007002705200316002775210019005937000023006123426FISKH20240305084609.0240305b cb ||||| |||| 00| 0 eng d aFISK beng cFISK dFISK  aPZ7.H22666  a458  aHiatt Harlow Joan d1932- aSecret of the night ponies / cJoan Hiatt Harlow  aNew York : bScholastic, c2010  a323 pages : c20 cm  aM  aIn 1965 Newfoundland, thirteen-year-old Jessie's brave and impulsive nature leads her to commit a variety of daring acts, including rescuing a herd of wild ponies and kidnapping a poor orphan girl who is being mistreated by her guardians. Includes factual information about the history of the Newfoundland pony.8 a670 bLexiles  aJoan Hiatt Harlow